Telesná výchova & šport časopis Slovenskej vedeckej spoločnosti pre telesnú výchovu a šport
| Other Authors: | , , |
|---|---|
| Format: | Journal |
| Language: | Slovak Czech |
| PhysicalDescription: | 31 zv. 24 cm Online vydanie: Telesná výchova a šport (Online) = ISSN 2730-017X |
| Published: |
Bratislava
Šport
1991-2021
Bratislava Stefan Bratislava Slovenská vedecká spoločnosť pre telesnú výchovu a šport Topoľčianky End |
| ISSN: | 1335-2245 |
| Subjects: | |
| Online Access: | https://sites.google.com/view/sportveda/%C4%8Dasopis |
MARC
| LEADER | 00000cas a2200000 a 4500 | ||
|---|---|---|---|
| 001 | vtls001473145 | ||
| 003 | SK-MaSNL | ||
| 005 | 20260228160704.0 | ||
| 008 | 040416d19912021xo qr|p 0 0b0slo | ||
| 022 | |a 1335-2245 | ||
| 035 | |a SNK000428447 | ||
| 035 | |a (SVKBB03)vtls000032323 | ||
| 040 | |a SNK |b slo |c SNK |d SVKBB |d SAVUK |e AACR2 | ||
| 041 | 0 | |a slo |b eng |b ger |a cze |b eng |b slo | |
| 044 | |a xo |c SK | ||
| 072 | 7 | |a 796 |x Šport. Hry. Telesné cvičenia |2 konspekt | |
| 080 | |a 796 |2 2011 | ||
| 080 | |a 050 |2 2001 | ||
| 080 | |a 37.016:796/799 |2 2001 | ||
| 080 | |a 001(051) |2 2011 | ||
| 210 | 0 | |a Teles. výchova šport | |
| 222 | 0 | |a Telesná výchova a šport | |
| 245 | 0 | 0 | |a Telesná výchova & šport |b časopis Slovenskej vedeckej spoločnosti pre telesnú výchovu a šport |
| 246 | 1 | 1 | |a Physical education and sport |
| 246 | 1 | 3 | |a TvS |
| 246 | 1 | 3 | |a Telesná výchova a šport |
| 246 | 3 | 1 | |a Physical education and sport |
| 247 | 0 | 1 | |a Telesná výchova & šport |b časopis Spoločnosti pre telovýchovu a šport a Ministerstva školstva, mládeže a športu Slovenskej republiky. |f 1991-1992 |
| 247 | 0 | 1 | |a Telesná výchova & šport |b časopis Spoločnosti pre telovýchovu a šport a Ministerstva školstva a vedy Slovenskej republiky. |f 1993 |
| 247 | 0 | 1 | |a Telesná výchova & šport |b časopis Vedeckej spoločnosti pre telesnú výchovu a šport a Ministerstva školstva a vedy Slovenskej republiky. |f 1994-1996 |
| 247 | 0 | 1 | |a Telesná výchova & šport |b časopis Slovenskej vedeckej spoločnosti pre telesnú výchovu a šport a Ministerstva školstva Slovenskej republiky. |f 1997-2000 |
| 260 | |a Bratislava |b Šport |c 1991-2021 | ||
| 260 | 2 | |3 1993-1995 |a Bratislava |b Stefan | |
| 260 | 2 | |3 1996 |a Bratislava |b Slovenská vedecká spoločnosť pre telesnú výchovu a šport | |
| 260 | 3 | |3 1997-2021 |a Topoľčianky |b End | |
| 300 | |a 31 zv. |c 24 cm | ||
| 310 | |a 4x ročne | ||
| 362 | 0 | |a Roč. 1, č. 1 (1991)-roč. 31, č. 4 (2021) | |
| 500 | |a Registračné č.: 387/91 | ||
| 500 | |a Šéfred.: ?-2009, Roman Moravec ; 2010-?, Ludmila Zapletalová; ?-, Miroslav Holienka | ||
| 500 | |a Súčasťou väzby časopisu je metodická príloha | ||
| 500 | |a V tiráži podnázov: vedecký a odborný recenzovaný časopis Slovenskej vedeckej spoločnosti pre telesnú výchovu a šport | ||
| 500 | |a Od roku 2022 vychádza len online | ||
| 504 | |a Bibliogr. | ||
| 515 | |a Niektoré čísla vychádzajú ako dvojčíslo | ||
| 530 | |a Online vydanie: Telesná výchova a šport (Online) = ISSN 2730-017X | ||
| 546 | |a Text aj v angl., nem., češ. | ||
| 546 | |a Res. slov., angl. | ||
| 550 | |a 1993 vydáva Spoločnosť pre telovýchovu a šport v spolupr. s Ministerstvom školstva a vedy SR vo vydav. a rekl. agentúre Stefan, Bratislava | ||
| 550 | |a 1994-1995 vydáva Vedecká spoločnosť pre telesnú výchovu a šport v spolupr. s Ministerstvom školstva a vedy SR vo vydav. a rekl. agentúre Stefan, Bratislava | ||
| 550 | |a 1996 vydáva Vedecká spoločnosť pre telesnú výchovu a šport v spolupr. s Ministerstvom školstva SR, Bratislava | ||
| 550 | |a 1997-2000 vydáva Slovenská vedecká spoločnosť pre telesnú výchovu a šport v spolupr. s Ministerstvom školstva SR a Štátnym fondom pre telesnú kultúru v spoloč. END, Topoľčianky | ||
| 550 | |a 2001-[2009] vydáva Slovenská vedecká spoločnosť pre telesnú výchovu a šport v spolupr. so Sekciou športu, detí a mládeže MŠ SR, Bratislava v spoločnosti END, Topoľčianky | ||
| 550 | |a 2010- vydáva Slovenská vedecká spoločnosť pre telesnú výchovu a šport s podporou Fakulty telesnej výchovy a športu UK v Bratislave v spoločnosti END, Topoľčianky | ||
| 650 | 0 | 7 | |a telesná výchova |2 SNKPH |9 708 |
| 655 | 7 | |a vedecké časopisy |2 SNKPH |9 70520 | |
| 700 | 1 | |a Moravec, Roman, |d 1950-2009 |4 pbd |9 109705 | |
| 700 | 1 | |a Zapletalová, Ludmila |4 pbd |9 267132 | |
| 700 | 1 | |a Holienka, Miroslav, |d 1957- |4 pbd |9 85184 | |
| 710 | 2 | |a Slovenská vedecká spoločnosť pre telesnú výchovu a šport |4 pbl |9 35654 | |
| 710 | 2 | |a Spoločnosť pre telovýchovu a šport (Bratislava, Slovensko) |4 pbl |9 267133 | |
| 710 | 1 | |a Slovensko. |b Ministerstvo školstva a vedy |4 pbl |9 32441 | |
| 710 | 2 | |a Vedecká spoločnosť pre telesnú výchovu a šport |4 pbl |9 34526 | |
| 710 | 1 | |a Slovensko. |b Ministerstvo školstva |4 pbl | |
| 710 | 2 | |a Štátny fond pre telesnú kultúru (Bratislava, Slovensko) |4 pbl |9 267134 | |
| 710 | 1 | |a Slovensko. |b Ministerstvo školstva. |b Sekcia športu, detí a mládeže |4 pbl |9 267135 | |
| 852 | |a Štátna vedecká knižnica v Banskej Bystrici | ||
| 856 | 4 | 1 | |u https://sites.google.com/view/sportveda/%C4%8Dasopis |
| 910 | |a savuk | ||
| 910 | |a snk | ||
| 910 | |a svkbb | ||
| 916 | |a 1991-2014, 2015-2019, 2020 | ||
| 999 | |c 3365 |d 5295 | ||
| 952 | |0 0 |1 0 |4 0 |7 0 |8 0 |a SNK |b SNK |d 2022-01-11 |i snk2022/478 |l 0 |o snkČSC 3131/28/2018 D1 |p 17A1436338 |r 2026-02-21 19:29:24 |t č. 1-4 |w 2026-02-21 |y PREZ |z Č. 3-4/2018 = dvojčíslo | ||
| 952 | |0 0 |1 0 |4 0 |7 0 |8 0 |a SNK |b SNK |d 2022-01-11 |i snk2022/479 |l 0 |o snkČSC 3131/29/2019 D1 |p 17A1436339 |r 2026-02-21 19:29:24 |t č. 1-4, neúplné |w 2026-02-21 |y PREZ |z Chýba č. 3 | ||
| 952 | |0 0 |1 0 |4 0 |7 0 |8 0 |a SNK |b SNK |d 2021-06-14 |f 1 |i snk2021/6915 |l 0 |o snkČSC 3131/30/2020 |p 17A1434349 |r 2026-02-21 19:29:27 |t č. 1-4 |w 2026-02-21 |y PREZ |z V č. 1-4 súčasťou čas. sú metodické prílohy s rôznou tématikou, ktoré majú vlastné str. | ||
| 952 | |0 0 |1 0 |3 rekatalogizácia |4 0 |7 0 |a SNK |b SNK |d 2006-03-03 |i snkČSP 566/98 |l 0 |o snkČSC 3131/4/1994 D1 |p 17A0498697 |r 2026-02-21 19:46:59 |t č. 1-4 |w 2026-02-21 |y PREZ | ||
| 952 | |0 0 |1 0 |4 0 |7 0 |8 0 |a SNK |b SNK |d 2025-09-30 |i snk2025/15366 |l 0 |o snkČSC 3131/31/2021 |p 17A1557950 |r 2026-02-21 19:57:53 |t č. 1-4 |w 2026-02-21 |y PREZ | ||
| 952 | |0 0 |1 0 |4 0 |7 0 |8 0 |a SNK |b SNK |d 2025-09-30 |i snk2025/15367 |l 0 |o snkČSC 3131/31/2021 D1 |p 17A1557951 |r 2026-02-21 19:57:53 |t č. 1-4 |w 2026-02-21 |y PREZ | ||
| 952 | |0 0 |1 0 |4 0 |7 0 |a SNK |b SNK |d 2000-11-16 |f 1 |i snkČSP 565/98 |l 0 |o snkČSC 3131/4/1994 |p 17A0257274 |r 2005-01-02 00:00:00 |t č. 1-4 |w 2026-02-21 |y PREZ | ||
| 952 | |0 0 |1 0 |4 0 |7 0 |8 0 |a SNK |b SNK |d 2022-05-27 |i snk2022/8633 |l 0 |o snkČSC 3131/30/2020 D1 |p 17A1462822 |r 2026-02-21 20:11:32 |t č. 1-4 |w 2026-02-21 |y PREZ | ||
| 952 | |0 0 |1 0 |4 0 |7 0 |a SNK |b SNK |d 1999-06-07 |l 0 |o snkČSC 3131/2/1992 D1 |p 17A0196309 |r 2005-01-02 00:00:00 |t č. 1-4 |w 2026-02-21 |y PREZ | ||
| 952 | |0 0 |1 0 |3 rekatalogizácia |4 0 |7 0 |a SNK |b SNK |d 2005-01-10 |i snkČSP 620/2004 |l 0 |o snkČSC 3131/11/2001 D1 |p 17A0452295 |r 2026-02-21 20:16:40 |t č. 1-4 |w 2026-02-21 |y PREZ | ||
| 952 | |0 0 |1 0 |4 0 |7 0 |a SNK |b SNK |d 2000-11-16 |f 1 |i snkČSP 4146/99 |l 0 |o snkČSC 3131/5/1995 |p 17A0257660 |r 2005-01-02 00:00:00 |t č. 1-4 |w 2026-02-21 |y PREZ | ||
| 952 | |0 0 |1 0 |4 0 |7 0 |a SNK |b SNK |d 2002-01-25 |i snkČSP 4149/99 |l 0 |o snkČSC 3131/6/1996 D1 |p 17A0330032 |r 2005-01-02 00:00:00 |t č. 1-4 |w 2026-02-21 |y PREZ | ||
| 952 | |0 0 |1 0 |4 0 |7 0 |a SNK |b SNK |d 2000-11-16 |f 1 |i snkČSP 4148/99 |l 0 |o snkČSC 3131/6/1996 |p 17A0257661 |r 2005-01-02 00:00:00 |t č. 1-4 |w 2026-02-21 |y PREZ | ||
| 952 | |0 0 |1 0 |4 0 |7 0 |a SNK |b SNK |d 2000-11-16 |f 1 |i snkČSP 4150/99 |l 0 |o snkČSC 3131/7/1997 |p 17A0257168 |r 2005-01-02 00:00:00 |t č. 1-4 |w 2026-02-21 |y PREZ | ||
| 952 | |0 0 |1 0 |4 0 |7 0 |a SNK |b SNK |d 2002-05-11 |l 0 |o snkČSC 3131/8/1998 D1 |p 17A0341908 |r 2005-01-02 00:00:00 |t č. 1-4 |w 2026-02-21 |y PREZ | ||
| 952 | |0 0 |1 0 |4 0 |7 0 |a SNK |b SNK |d 2002-09-21 |l 0 |o snkČSC 3131/7/1997 D1 |p 17A0355930 |r 2005-01-02 00:00:00 |t č. 1-4 |w 2026-02-21 |y PREZ | ||
| 952 | |0 0 |1 0 |4 0 |7 0 |a SNK |b SNK |d 2002-12-02 |l 0 |o snkČSC 3131/9/1999 D1 |p 17A0366620 |r 2005-01-02 00:00:00 |t č. 1-4 |w 2026-02-21 |y PREZ | ||
| 952 | |0 0 |1 0 |4 0 |7 0 |8 0 |a SNK |b SNK |d 2015-01-07 |i snk2015/71 |l 0 |o snkČSC 3131/22/2012 D1 |p 17A0870892 |r 2026-02-21 20:42:54 |t č. 1-4, neúplné |w 2026-02-21 |y PREZ |z chýba č. 3 | ||
| 952 | |0 0 |1 0 |3 rekatalogizácia |4 0 |7 0 |a SNK |b SNK |d 2008-03-12 |f 1 |i snkČSP 2001/1717 |l 0 |o snkČSC 3131/8/1998 |p 17A0579174 |r 2026-02-21 20:49:20 |t č. 1-4 |w 2026-02-21 |y PREZ | ||
| 952 | |0 0 |1 0 |4 0 |7 0 |a SNK |b SNK |d 1999-03-13 |f 1 |i snkČSP 567/98 |l 0 |o snkČSC 3131/3/1993 |p 17A0196308 |r 2005-01-02 00:00:00 |t č. 1-4 |w 2026-02-21 |y PREZ | ||
| 952 | |0 0 |1 0 |4 0 |7 0 |a SNK |b SNK |d 1999-03-13 |i snkČSP 568/98 |l 0 |o snkČSC 3131/3/1993 D1 |p 17A0182967 |r 2005-01-02 00:00:00 |t č. 1-4 |w 2026-02-21 |y PREZ | ||
| 952 | |0 0 |1 0 |4 0 |7 0 |a SNK |b SNK |d 1999-06-07 |l 0 |o snkČSC 3131/1/1991 D1 |p 17A0196255 |r 2005-01-02 00:00:00 |t č. 1-3 |w 2026-02-21 |y PREZ | ||
| 952 | |0 0 |1 0 |4 0 |7 0 |a SNK |b SNK |d 2003-02-12 |l 0 |o snkČSC 3131/5/1995 D1 |p 17A0373476 |r 2005-01-02 00:00:00 |t č. 1-4 |w 2026-02-21 |y PREZ | ||
| 952 | |0 0 |1 0 |4 0 |7 0 |a SNK |b SNK |d 2004-06-28 |f 1 |i snkČSP 617/2004 |l 0 |o snkČSC 3131/10/2000 |p 17A0433652 |r 2005-01-02 00:00:00 |t č. 1-4 |w 2026-02-21 |y PREZ | ||
| 952 | |0 0 |1 0 |3 rekatalogizácia |4 0 |7 0 |a SNK |b SNK |d 2005-01-10 |i snkČSP 618/2004 |l 0 |o snkČSC 3131/10/2000 D1 |p 17A0454645 |r 2026-02-21 21:10:30 |t č. 1-4 |w 2026-02-21 |y PREZ | ||
| 952 | |0 0 |1 0 |3 Rekatalogizácia |4 0 |7 0 |a SNK |b SNK |d 2005-01-10 |f 1 |i snkČSP 1715/2001 |l 0 |o snkČSC 3131/9/1999 |p 17A0454109 |r 2026-02-21 21:10:33 |t č. 1-4 |w 2026-02-21 |y PREZ | ||
| 952 | |0 0 |1 0 |4 0 |7 0 |8 0 |a SNK |b SNK |d 2007-10-22 |f 1 |i snk2007/22675 |l 0 |o snkČSC 3131/12/2002 |p 17A0563024 |r 2026-02-21 21:22:37 |t č. 1-4 |w 2026-02-21 |y PREZ | ||
| 952 | |0 0 |1 0 |4 0 |7 0 |8 0 |a SNK |b SNK |d 2007-10-22 |i snk2007/22676 |l 0 |o snkČSC 3131/12/2002 D1 |p 17A0563025 |r 2026-02-21 21:22:37 |t č. 1-4 |w 2026-02-21 |y PREZ | ||
| 952 | |0 0 |1 0 |4 0 |7 0 |8 0 |a SNK |b SNK |d 2007-10-22 |f 1 |i snk2007/22678 |l 0 |o snkČSC 3131/13/2003 |p 17A0563026 |r 2026-02-21 21:22:37 |t č. 1-4 |w 2026-02-21 |y PREZ | ||
| 952 | |0 0 |1 0 |3 Chýba č. 3,4 |4 0 |7 0 |8 0 |a SNK |b SNK |d 2007-10-22 |i snk2007/22681 |l 0 |o snkČSC 3131/13/2003 D1 |p 17A0563027 |r 2026-02-21 21:22:39 |t č. 1-2, neúplné |w 2026-02-21 |y PREZ |z Chýba č. 3,4 | ||
| 952 | |0 0 |1 0 |4 0 |7 0 |a SNK |b SNK |d 2000-11-16 |f 1 |i snkČSP 5228/93 |l 0 |o snkČSC 3131/2/1992 |p 17A0257167 |r 2005-01-02 00:00:00 |t č. 1-4 |w 2026-02-21 |y PREZ | ||
| 952 | |0 0 |1 0 |4 0 |7 0 |a SNK |b SNK |d 1998-04-08 |f 1 |i snkČIP 136/93 |l 0 |o snkČSC 3131/1/1991 |p 17A0135766 |r 2005-01-02 00:00:00 |t č. 1-3 |w 2026-02-21 |y PREZ | ||
| 952 | |0 0 |1 0 |4 0 |7 0 |8 0 |a SNK |b SNK |d 2013-11-12 |f 1 |i snk2013/27422 |l 0 |o snkČSC 3131/15/2005 |p 17A1086639 |r 2026-02-21 21:43:39 |t č. 1-4 |w 2026-02-21 |y PREZ | ||
| 952 | |0 0 |1 0 |4 0 |7 0 |8 0 |a SNK |b SNK |d 2013-11-12 |f 1 |i snk2013/27427 |l 0 |o snkČSC 3131/16/2006 |p 17A1086640 |r 2026-02-21 21:43:39 |t č. 1-4 |w 2026-02-21 |y PREZ | ||
| 952 | |0 0 |1 0 |4 0 |7 0 |8 0 |a SNK |b SNK |d 2013-11-12 |i snk2013/27431 |l 0 |o snkČSC 3131/16/2006 D1 |p 17A1086641 |r 2026-02-21 21:43:39 |t č. 1-4 |w 2026-02-21 |y PREZ | ||
| 952 | |0 0 |1 0 |4 0 |7 0 |8 0 |a SNK |b SNK |d 2013-11-12 |f 1 |i snk2013/27437 |l 0 |o snkČSC 3131/17/2007 |p 17A1086642 |r 2026-02-21 21:43:39 |t č. 1-4 |w 2026-02-21 |y PREZ | ||
| 952 | |0 0 |1 0 |4 0 |7 0 |8 0 |a SNK |b SNK |d 2013-11-12 |i snk2013/27441 |l 0 |o snkČSC 3131/17/2007 D1 |p 17A1086643 |r 2026-02-21 21:43:39 |t č. 1-4 |w 2026-02-21 |y PREZ | ||
| 952 | |0 0 |1 0 |4 0 |7 0 |8 0 |a SNK |b SNK |d 2013-11-12 |f 1 |i snk2013/27445 |l 0 |o snkČSC 3131/18/2008 |p 17A1086644 |r 2026-02-21 21:43:39 |t č. 1-4 |w 2026-02-21 |y PREZ | ||
| 952 | |0 0 |1 0 |4 0 |7 0 |8 0 |a SNK |b SNK |d 2013-11-12 |f 1 |i snk2013/27446 |l 0 |o snkČSC 3131/19/2009 |p 17A1086645 |r 2026-02-21 21:43:39 |t č. 1-4 |w 2026-02-21 |y PREZ | ||
| 952 | |0 0 |1 0 |4 0 |7 0 |8 0 |a SNK |b SNK |d 2013-11-12 |i snk2013/27447 |l 0 |o snkČSC 3131/19/2009 D1 |p 17A1086646 |r 2026-02-21 21:43:39 |t č. 1-4 |w 2026-02-21 |y PREZ | ||
| 952 | |0 0 |1 0 |4 0 |7 0 |8 0 |a SNK |b SNK |d 2013-11-12 |f 1 |i snk2013/27448 |l 0 |o snkČSC 3131/20/2010 |p 17A1086647 |r 2026-02-21 21:43:40 |t č. 1-4, neúplné |w 2026-02-21 |y PREZ |z chýba č. 2 | ||
| 952 | |0 0 |1 0 |4 0 |7 0 |8 0 |a SNK |b SNK |d 2013-11-12 |i snk2013/27449 |l 0 |o snkČSC 3131/20/2010 D1 |p 17A1086648 |r 2026-02-21 21:43:40 |t č. 1-4, neúplné |w 2026-02-21 |y PREZ |z chýba č. 2 | ||
| 952 | |0 0 |1 0 |4 0 |7 0 |8 0 |a SNK |b SNK |d 2013-11-12 |f 1 |i snk2013/27450 |l 0 |o snkČSC 3131/21/2011 |p 17A1086649 |r 2026-02-21 21:43:40 |t č. 1-4 |w 2026-02-21 |y PREZ | ||
| 952 | |0 0 |1 0 |4 0 |7 0 |8 0 |a SNK |b SNK |d 2013-11-12 |i snk2013/27451 |l 0 |o snkČSC 3131/21/2011 D1 |p 17A1086650 |r 2026-02-21 21:43:40 |t č. 1-4 |w 2026-02-21 |y PREZ | ||
| 952 | |0 0 |1 0 |4 0 |7 0 |8 0 |a SNK |b SNK |d 2013-11-12 |f 1 |i snk2013/27452 |l 0 |o snkČSC 3131/22/2012 |p 17A1086651 |r 2026-02-21 21:43:40 |t č. 1-4 |w 2026-02-21 |y PREZ | ||
| 952 | |0 0 |1 0 |4 0 |7 0 |8 0 |a SNK |b SNK |d 2013-11-13 |f 1 |i snk2013/27516 |l 0 |o snkČSC 3131/14/2004 |p 17A1086652 |r 2026-02-21 21:43:41 |t č. 1-4 |w 2026-02-21 |y PREZ | ||
| 952 | |0 0 |1 0 |4 0 |7 0 |8 0 |a SNK |b SNK |d 2013-11-13 |i snk2013/27520 |l 0 |o snkČSC 3131/14/2004 D1 |p 17A1086653 |r 2026-02-21 21:43:41 |t č. 1-4, neúplné |w 2026-02-21 |y PREZ |z chýba č. 3-4 | ||
| 952 | |0 0 |1 0 |4 0 |7 0 |8 0 |a SNK |b SNK |d 2013-11-13 |i snk2013/27522 |l 0 |o snkČSC 3131/15/2005 D1 |p 17A1086654 |r 2026-02-21 21:43:41 |t č. 1-4 |w 2026-02-21 |y PREZ | ||
| 952 | |0 0 |1 0 |4 0 |7 0 |8 0 |a SNK |b SNK |d 2013-11-13 |i snk2013/27528 |l 0 |o snkČSC 3131/18/2008 D1 |p 17A1086655 |r 2026-02-21 21:43:41 |t č. 1-4 |w 2026-02-21 |y PREZ | ||
| 952 | |0 0 |1 0 |4 0 |7 0 |a SNK |b SNK |d 2013-11-14 |f 1 |i snkČSP 619/2004 |l 0 |o snkČSC 3131/11/2001 |p 17A1086685 |r 2026-02-21 21:43:47 |t č. 1-4 |w 2026-02-21 |y PREZ | ||
| 952 | |0 0 |1 0 |4 0 |7 0 |8 0 |a SNK |b SNK |d 2015-06-19 |f 1 |i snk2015/19162 |l 0 |o snkČSC 3131/23/2013 |p 17A1144804 |r 2026-02-21 21:46:24 |t č. 1-4 |w 2026-02-21 |y PREZ | ||
| 952 | |0 0 |1 0 |4 0 |7 0 |8 0 |a SNK |b SNK |d 2015-06-19 |i snk2015/19165 |l 0 |o snkČSC 3131/23/2013 D1 |p 17A1144803 |r 2026-02-21 21:46:24 |t č. 1-4 |w 2026-02-21 |y PREZ | ||
| 952 | |0 0 |1 0 |4 0 |7 0 |8 0 |a SNK |b SNK |d 2015-06-19 |f 1 |i snk2015/19168 |l 0 |o snkČSC 3131/24/2014 |p 17A1144802 |r 2026-02-21 21:46:24 |t č. 1-4 |w 2026-02-21 |y PREZ | ||
| 952 | |0 0 |1 0 |4 0 |7 0 |8 0 |a SNK |b SNK |d 2017-09-28 |i snk2017/20999 |l 0 |o snkČSC 3131/25/2015 D1 |p 17A1264754 |r 2026-02-21 21:56:27 |t č. 1-4 |w 2026-02-21 |y PREZ | ||
| 952 | |0 0 |1 0 |4 0 |7 0 |8 0 |a SNK |b SNK |d 2017-09-28 |f 1 |i snk2017/21000 |l 0 |o snkČSC 3131/26/2016 |p 17A1264755 |r 2026-02-21 21:56:27 |t č. 1-4 |w 2026-02-21 |y PREZ | ||
| 952 | |0 0 |1 0 |4 0 |7 0 |8 0 |a SNK |b SNK |d 2017-03-10 |i snk2017/6617 |l 0 |o snkČSC 3131/24/2014 D1 |p 17A1205222 |r 2026-02-21 22:03:50 |t č. 1-4 |w 2026-02-21 |y PREZ | ||
| 952 | |0 0 |1 0 |4 0 |7 0 |8 0 |a SNK |b SNK |d 2017-03-10 |f 1 |i snk2017/6619 |l 0 |o snkČSC 3131/25/2015 |p 17A1205893 |r 2026-02-21 22:03:54 |t č. 1-4 |w 2026-02-21 |y PREZ | ||
| 952 | |0 0 |1 0 |4 0 |7 0 |8 0 |a SNK |b SNK |d 2018-11-14 |i snk2018/23845 |l 0 |o snkČSC 3131/26/2016 D1 |p 17A1339968 |r 2026-02-21 22:06:07 |t č. 1-4, neúplné |w 2026-02-21 |y PREZ |z Chýba č. 2 | ||
| 952 | |0 0 |1 0 |4 0 |7 0 |8 0 |a SNK |b SNK |d 2018-11-14 |f 1 |i snk2018/23848 |l 0 |o snkČSC 3131/27/2017 |p 17A1339969 |r 2026-02-21 22:06:07 |t č. 1-4 |w 2026-02-21 |y PREZ | ||
| 952 | |0 0 |1 0 |4 0 |7 0 |8 0 |a SNK |b SNK |d 2018-11-14 |i snk2018/23849 |l 0 |o snkČSC 3131/27/2017 D1 |p 17A1339970 |r 2026-02-21 22:06:07 |t č. 1-4 |w 2026-02-21 |y PREZ | ||
| 952 | |0 0 |1 0 |4 0 |7 0 |8 0 |a SNK |b SNK |d 2020-02-18 |f 1 |i snk2020/3771 |l 0 |o snkČSC 3131/28/2018 |p 17A1371227 |r 2026-02-21 22:29:32 |t č. 1-4 |w 2026-02-21 |y PREZ |z Súčasťou väzby časopisu je metodická príloha v každom čísle | ||
| 952 | |0 0 |1 0 |4 0 |7 0 |8 0 |a SNK |b SNK |d 2020-02-18 |f 1 |i snk2020/3835 |l 0 |o snkČSC 3131/29/2019 |p 17A1371231 |r 2026-02-21 22:29:33 |t č. 1-4 |w 2026-02-21 |y PREZ | ||


